| 000 | 00739cam a2200265 4500 | ||
|---|---|---|---|
| 008 | 090401t1995 xxu||||| |||| 00| 0 eng d | ||
| 020 | _a0117531413 | ||
| 035 | _a(Sirsi) u50208 | ||
| 041 | _aeng | ||
| 050 | _a711.309424 | ||
| 110 |
_aUnited Kingdom _bDepartment of the Environment _9982 |
||
| 245 | _aRegional planning guidance for the West Midlands region | ||
| 260 |
_aLondon _bHMSO _c1995 |
||
| 300 | _a66p. ; 30cm. | ||
| 350 | _a9.95 | ||
| 490 |
_aRPG _v11 |
||
| 520 | _aSuperseded by 1998 edition (ISBN 0117534641). | ||
| 650 | _aREGIONAL PLANNING GUIDANCE | ||
| 650 | _aREGIONAL PLANNING | ||
| 650 | _aRPG11 | ||
| 650 | _aWEST MIDLANDS | ||
| 690 | _aPLANNING LAW AND PRACTICE | ||
| 942 | _n0 | ||
| 948 | _c04/03/1997 | ||
| 999 |
_c92678 _d92678 |
||